[Event "Senior Women Russian Championship 2022_HL"]
[Site "Saint-Petersburg, Russia"]
[Date "2022.10.01"]
[Round "8.10"]
[White "Malinicheva, Lidia"]
[Black "Kozlovskaya, Valentina"]
[Result "1-0"]
[TimeControl "Standard: 90min/40moves+30min/end+30sec increment per move starting from move 1"]
[WhiteElo "1845"]
[BlackElo "2067"]

1. d4 {[%clk 01:30:44]} {[%emt 00:00:15]} d6 {[%clk 01:30:53]} {[%emt
00:00:07]} 2. e4 {[%clk 01:30:33]} {[%emt 00:00:40]} g6 {[%clk 01:30:03]}
{[%emt 00:01:21]} 3. Nc3 {[%clk 01:29:21]} {[%emt 00:01:42]} Bg7 {[%clk
01:30:21]} {[%emt 00:00:12]} 4. Be3 {[%clk 01:28:42]} {[%emt 00:01:08]} c6
{[%clk 01:29:49]} {[%emt 00:01:04]} 5. Qd2 {[%clk 01:24:54]} {[%emt 00:04:17]}
Nf6 {[%clk 01:28:52]} {[%emt 00:01:26]} 6. f3 {[%clk 01:24:54]} {[%emt
00:00:30]} h6 {[%clk 01:27:19]} {[%emt 00:02:04]} 7. Nge2 {[%clk 01:19:57]}
{[%emt 00:05:26]} Qc7 {[%clk 01:25:12]} {[%emt 00:02:39]} 8. Nf4 {[%clk
01:14:15]} {[%emt 00:06:11]} Nfd7 {[%clk 01:22:06]} {[%emt 00:03:35]} 9. a4
{[%clk 01:10:26]} {[%emt 00:04:19]} a5 {[%clk 01:19:00]} {[%emt 00:03:37]} 10.
Bc4 {[%clk 01:08:13]} {[%emt 00:02:43]} Nf8 {[%clk 01:15:42]} {[%emt 00:03:47]}
11. O-O {[%clk 01:02:39]} {[%emt 00:06:04]} h5 {[%clk 01:15:59]} {[%emt
00:00:14]} 12. Nd3 {[%clk 00:59:19]} {[%emt 00:03:50]} b6 {[%clk 01:08:08]}
{[%emt 00:08:22]} 13. f4 {[%clk 00:57:57]} {[%emt 00:01:50]} Ba6 {[%clk
01:07:43]} {[%emt 00:00:56]} 14. Ba2 {[%clk 00:50:57]} {[%emt 00:07:30]} f6
{[%clk 01:03:32]} {[%emt 00:04:41]} 15. Rae1 {[%clk 00:49:43]} {[%emt
00:01:43]} Nbd7 {[%clk 00:58:40]} {[%emt 00:05:22]} 16. Ne2 {[%clk 00:41:57]}
{[%emt 00:08:16]} O-O-O {[%clk 00:56:08]} {[%emt 00:03:03]} 17. c4 {[%clk
00:41:50]} {[%emt 00:00:37]} c5 {[%clk 00:56:10]} {[%emt 00:00:28]} 18. Nc3
{[%clk 00:35:34]} {[%emt 00:06:45]} Nb8 {[%clk 00:56:29]} {[%emt 00:00:12]} 19.
Nd5 {[%clk 00:27:41]} {[%emt 00:08:22]} Qb7 {[%clk 00:56:48]} {[%emt 00:00:12]}
20. e5 {[%clk 00:25:18]} {[%emt 00:02:52]} Nc6 {[%clk 00:54:15]} {[%emt
00:03:03]} 21. exf6 {[%clk 00:11:52]} {[%emt 00:13:57]} exf6 {[%clk 00:54:30]}
{[%emt 00:00:15]} 22. Qf2 {[%clk 00:11:37]} {[%emt 00:00:44]} f5 {[%clk
00:52:01]} {[%emt 00:03:01]} 23. dxc5 {[%clk 00:10:19]} {[%emt 00:01:48]} bxc5
{[%clk 00:52:05]} {[%emt 00:00:25]} 24. Qh4 {[%clk 00:09:45]} {[%emt 00:01:03]}
Ne6 {[%clk 00:49:58]} {[%emt 00:02:38]} 25. Bd2 {[%clk 00:08:55]} {[%emt
00:01:20]} Rhe8 {[%clk 00:48:46]} {[%emt 00:01:41]} 26. Rf3 {[%clk 00:08:17]}
{[%emt 00:01:08]} Ned4 {[%clk 00:46:54]} {[%emt 00:02:23]} 27. Rfe3 {[%clk
00:07:56]} {[%emt 00:00:51]} Rxe3 {[%clk 00:46:54]} {[%emt 00:00:30]} 28. Rxe3
{[%clk 00:08:20]} {[%emt 00:00:05]} Nc2 {[%clk 00:45:53]} {[%emt 00:01:32]} 29.
Ne7+ {[%clk 00:08:25]} {[%emt 00:00:25]} Nxe7 {[%clk 00:45:13]} {[%emt
00:01:10]} 30. Rxe7 {[%clk 00:08:44]} {[%emt 00:00:10]} Bd4+ {[%clk 00:45:23]}
{[%emt 00:00:20]} 31. Kf1 {[%clk 00:08:18]} {[%emt 00:00:57]} Qb6 {[%clk
00:40:45]} {[%emt 00:05:08]} 32. Qg5 {[%clk 00:07:20]} {[%emt 00:01:26]} Bb7
{[%clk 00:39:50]} {[%emt 00:01:27]} 33. Bb1 {[%clk 00:06:55]} {[%emt 00:00:55]}
Nb4 {[%clk 00:39:08]} {[%emt 00:01:12]} 34. Ne1 {[%clk 00:06:54]} {[%emt
00:00:31]} Nc6 {[%clk 00:38:24]} {[%emt 00:01:15]} 35. Re2 {[%clk 00:06:28]}
{[%emt 00:00:54]} Bxb2 {[%clk 00:35:10]} {[%emt 00:03:44]} 36. Qxg6 {[%clk
00:06:45]} {[%emt 00:00:14]} Kb8 {[%clk 00:34:06]} {[%emt 00:01:34]} 37. Bxf5
{[%clk 00:06:49]} {[%emt 00:00:25]} Ba3 {[%clk 00:28:22]} {[%emt 00:06:15]} 38.
Bc3 {[%clk 00:05:02]} {[%emt 00:02:17]} Ba6 {[%clk 00:23:59]} {[%emt 00:04:52]}
39. Be6 {[%clk 00:03:21]} {[%emt 00:02:11]} Qb3 {[%clk 00:22:18]} {[%emt
00:02:12]} 40. Bf6 {[%clk 00:33:02]} {[%emt 00:00:47]} Nd4 {[%clk 00:44:24]}
{[%emt 00:08:26]} 41. Bxd4 {[%clk 00:27:56]} {[%emt 00:05:36]} cxd4 {[%clk
00:44:16]} {[%emt 00:00:37]} 42. Qf6 {[%clk 00:28:19]} {[%emt 00:00:07]} Qb6
{[%clk 00:43:42]} {[%emt 00:01:05]} 43. Rd2 {[%clk 00:27:33]} {[%emt 00:01:15]}
Bc5 {[%clk 00:42:01]} {[%emt 00:02:12]} 44. Nd3 {[%clk 00:24:39]} {[%emt
00:03:23]} Qc7 {[%clk 00:38:25]} {[%emt 00:04:07]} 45. Bd5 {[%clk 00:20:39]}
{[%emt 00:04:29]} Ka7 {[%clk 00:38:30]} {[%emt 00:00:25]} 46. Re2 {[%clk
00:20:07]} {[%emt 00:01:02]} Rd7 {[%clk 00:32:04]} {[%emt 00:06:57]} 47. f5
{[%clk 00:18:36]} {[%emt 00:02:00]} Bb6 {[%clk 00:26:42]} {[%emt 06:05:52]} 48.
Qe6 {[%clk 00:16:56]} {[%emt 00:02:09]} Bc8 {[%clk 00:21:32]} {[%emt 00:05:40]}
49. f6 {[%clk 00:16:06]} {[%emt 00:01:20]} Rh7 {[%clk 00:20:42]} {[%emt
00:01:21]} 50. Qg8 {[%clk 00:15:02]} {[%emt 00:01:33]} Bb7 {[%clk 00:14:29]}
{[%emt 00:06:44]} 51. Re8 {[%clk 00:13:03]} {[%emt 00:02:27]} Bc5 {[%clk
00:12:37]} {[%emt 00:02:23]} 52. Bxb7 {[%clk 00:12:42]} {[%emt 00:00:52]} 1-0

[Event "Senior Women Russian Championship 2022_HL"]
[Site "Saint-Petersburg, Russia"]
[Date "2022.10.01"]
[Round "8.11"]
[White "Kazantseva, Alla"]
[Black "Kapelkina, Galina"]
[Result "0-1"]
[TimeControl "Standard: 90min/40moves+30min/end+30sec increment per move starting from move 1"]
[WhiteElo "1654"]
[BlackElo "1644"]

1. Nf3 {[%clk 01:30:58]} {[%emt 00:00:01]} Nf6 {[%clk 01:30:48]} {[%emt
00:00:12]} 2. g3 {[%clk 01:31:18]} {[%emt 00:00:10]} d5 {[%clk 01:30:58]}
{[%emt 00:00:20]} 3. c3 {[%clk 01:29:53]} {[%emt 00:01:56]} c6 {[%clk
01:31:01]} {[%emt 00:00:27]} 4. Bg2 {[%clk 01:30:16]} {[%emt 00:00:07]} Bf5
{[%clk 01:27:26]} {[%emt 00:04:05]} 5. d3 {[%clk 01:30:13]} {[%emt 00:00:33]}
Nbd7 {[%clk 01:27:16]} {[%emt 00:00:39]} 6. Nbd2 {[%clk 01:28:41]} {[%emt
00:02:02]} e5 {[%clk 01:26:13]} {[%emt 00:01:34]} 7. O-O {[%emt 00:02:17]} Bc5
{[%clk 01:20:52]} {[%emt 00:03:53]} 8. a4 {[%clk 01:27:50]} {[%emt 00:01:32]}
O-O {[%clk 01:17:49]} {[%emt 00:03:33]} 9. b4 {[%clk 01:28:05]} {[%emt
00:00:15]} Bd6 {[%clk 01:15:46]} {[%emt 00:02:32]} 10. Re1 {[%emt 00:01:24]} e4
{[%emt 00:04:56]} 11. Nd4 {[%clk 01:20:07]} {[%emt 00:02:08]} Bg6 {[%clk
01:13:42]} {[%emt 00:02:35]} 12. dxe4 {[%clk 01:17:08]} {[%emt 00:03:28]} dxe4
{[%clk 01:11:17]} {[%emt 00:02:56]} 13. Nc4 {[%clk 01:12:18]} {[%emt 00:05:19]}
Bc7 {[%clk 01:09:55]} {[%emt 00:01:52]} 14. h3 {[%clk 01:08:57]} {[%emt
00:03:51]} Re8 {[%clk 01:09:30]} {[%emt 00:00:55]} 15. Be3 {[%clk 01:07:57]}
{[%emt 00:01:29]} Nd5 {[%clk 01:08:13]} {[%emt 00:01:49]} 16. Bd2 {[%clk
01:05:20]} {[%emt 00:03:07]} Ne5 {[%clk 01:04:06]} {[%emt 00:04:38]} 17. Nxe5
{[%emt 00:08:57]} Bxe5 {[%clk 01:04:13]} {[%emt 00:00:21]} 18. e3 {[%clk
00:55:08]} {[%emt 00:02:13]} Rc8 {[%clk 00:58:50]} {[%emt 00:05:56]} 19. Rc1
{[%clk 00:53:22]} {[%emt 00:02:12]} Qd7 {[%clk 00:51:03]} {[%emt 00:08:22]} 20.
c4 {[%clk 00:46:45]} {[%emt 00:07:07]} Nc7 {[%clk 00:46:22]} {[%emt 00:05:10]}
21. Bc3 {[%clk 00:46:30]} {[%emt 00:00:45]} Rcd8 {[%clk 00:37:45]} {[%emt
00:09:05]} 22. Qb3 {[%clk 00:38:20]} {[%emt 00:08:42]} Qc8 {[%clk 00:29:49]}
{[%emt 00:08:27]} 23. Red1 {[%clk 00:36:54]} {[%emt 00:01:55]} Ne6 {[%clk
00:21:53]} {[%emt 00:08:23]} 24. Ne2 {[%clk 00:35:33]} {[%emt 00:01:54]} Bxc3
{[%clk 00:21:47]} {[%emt 00:00:36]} 25. Nxc3 {[%clk 00:34:42]} {[%emt
00:01:20]} Ng5 {[%clk 00:18:21]} {[%emt 00:03:56]} 26. Rxd8 {[%clk 00:32:57]}
{[%emt 00:02:16]} Rxd8 {[%clk 00:18:37]} {[%emt 00:00:15]} 27. Rd1 {[%clk
00:32:04]} {[%emt 00:01:21]} Rxd1+ {[%clk 00:18:10]} {[%emt 00:00:57]} 28. Qxd1
{[%clk 00:32:33]} {[%emt 00:00:02]} h6 {[%clk 00:17:11]} {[%emt 00:01:29]} 29.
h4 {[%clk 00:30:00]} {[%emt 00:03:04]} Nf3+ {[%clk 00:11:03]} {[%emt 00:06:36]}
30. Bxf3 {[%clk 00:29:40]} {[%emt 00:00:50]} exf3 {[%clk 00:11:31]} {[%emt
00:00:03]} 31. Qxf3 {[%clk 00:29:18]} {[%emt 00:00:52]} Qe6 {[%clk 00:11:33]}
{[%emt 00:00:27]} 32. h5 {[%clk 00:26:34]} {[%emt 00:03:14]} Bd3 {[%clk
00:10:53]} {[%emt 00:01:12]} 33. c5 {[%clk 00:26:24]} {[%emt 00:00:39]} Qc4
{[%clk 00:10:35]} {[%emt 00:00:48]} 34. b5 {[%clk 00:22:18]} {[%emt 00:04:37]}
Qxc3 {[%clk 00:10:15]} {[%emt 00:00:50]} 35. bxc6 {[%emt 00:01:37]} bxc6 {[%emt
00:02:27]} 36. Qd1 {[%clk 00:13:48]} {[%emt 00:04:55]} Qc2 {[%clk 00:09:11]}
{[%emt 00:01:34]} 37. Qe1 {[%clk 00:12:54]} {[%emt 00:01:22]} Qxc5 {[%clk
00:08:51]} {[%emt 00:00:52]} 38. Qd2 {[%clk 00:12:09]} {[%emt 00:01:12]} Qc2
{[%clk 00:07:48]} {[%emt 00:01:35]} 39. Qb4 {[%clk 00:11:37]} {[%emt 00:01:03]}
Qb1+ {[%clk 00:07:56]} {[%emt 00:00:21]} 40. Qxb1 {[%emt 00:00:07]} Bxb1 {[%emt
00:00:10]} 41. a5 {[%clk 00:11:02]} {[%emt 00:00:49]} f6 {[%clk 00:06:56]}
{[%emt 00:01:29]} 42. Kf1 {[%clk 00:11:30]} {[%emt 00:00:02]} Kf7 {[%clk
00:07:09]} {[%emt 00:00:17]} 43. Ke2 {[%clk 00:41:26]} {[%emt 00:00:34]} Ke6
{[%clk 00:37:31]} {[%emt 00:00:09]} 44. f3 {[%clk 00:40:40]} {[%emt 00:01:16]}
Kd5 {[%clk 00:37:05]} {[%emt 00:00:51]} 45. Kd2 {[%clk 00:40:44]} {[%emt
00:00:30]} Kc4 {[%clk 00:37:01]} {[%emt 00:00:33]} 46. f4 {[%clk 00:39:32]}
{[%emt 00:01:43]} Kb4 {[%clk 00:36:51]} {[%emt 00:00:40]} 47. g4 {[%clk
00:38:12]} {[%emt 00:01:49]} c5 {[%clk 00:36:42]} {[%emt 00:00:41]} 48. Kc1
{[%clk 00:36:55]} {[%emt 00:01:46]} Be4 {[%clk 00:36:55]} {[%emt 00:00:17]} 0-1

[Event "Senior Women Russian Championship 2022_HL"]
[Site "Saint-Petersburg, Russia"]
[Date "2022.10.02"]
[Round "9.2"]
[White "Saunina, Ludmila"]
[Black "Ivanova, Tatiana"]
[Result "1/2-1/2"]
[TimeControl "Standard: 90min/40moves+30min/end+30sec increment per move starting from move 1"]
[WhiteElo "1902"]
[BlackElo "2127"]

1. d4 {[%clk 01:30:58]} {[%emt 00:00:01]} d5 {[%clk 01:30:54]} {[%emt
00:00:06]} 2. c4 {[%clk 01:31:13]} {[%emt 00:00:15]} e6 {[%clk 01:31:09]}
{[%emt 00:00:14]} 3. Nc3 {[%clk 01:31:29]} {[%emt 00:00:14]} Be7 {[%clk
01:31:26]} {[%emt 00:00:13]} 4. Nf3 {[%clk 01:30:44]} {[%emt 00:01:15]} Nf6
{[%clk 01:31:40]} {[%emt 00:00:17]} 5. Bg5 {[%clk 01:30:51]} {[%emt 00:00:23]}
h6 {[%clk 01:31:49]} {[%emt 00:00:21]} 6. Bh4 {[%clk 01:30:43]} {[%emt
00:00:38]} O-O {[%clk 01:31:58]} {[%emt 00:00:20]} 7. e3 {[%clk 01:30:53]}
{[%emt 00:00:21]} b6 {[%clk 01:31:47]} {[%emt 00:00:41]} 8. cxd5 {[%clk
01:31:03]} {[%emt 00:00:20]} Nxd5 {[%clk 01:31:33]} {[%emt 00:00:44]} 9. Bxe7
{[%clk 01:31:05]} {[%emt 00:00:28]} Qxe7 {[%clk 01:31:56]} {[%emt 00:00:06]} 10.
Bd3 {[%clk 01:28:54]} {[%emt 00:02:41]} Ba6 {[%clk 01:21:12]} {[%emt 00:11:14]}
11. Bxa6 {[%clk 01:26:54]} {[%emt 00:02:31]} Nxa6 {[%clk 01:21:36]} {[%emt
00:00:06]} 12. Qe2 {[%clk 01:26:19]} {[%emt 00:01:04]} Nxc3 {[%clk 01:16:05]}
{[%emt 00:06:02]} 13. Qxa6 {[%clk 01:20:54]} {[%emt 00:05:55]} Nd5 {[%clk
01:15:32]} {[%emt 00:01:03]} 14. a3 {[%clk 01:20:35]} {[%emt 00:00:49]} c5
{[%clk 01:14:11]} {[%emt 00:01:50]} 1/2-1/2

[Event "Senior Women Russian Championship 2022_HL"]
[Site "Saint-Petersburg, Russia"]
[Date "2022.10.02"]
[Round "9.3"]
[White "Strutinskaia, Galina"]
[Black "Solomonova, Lidiya"]
[Result "1/2-1/2"]
[TimeControl "Standard: 90min/40moves+30min/end+30sec increment per move starting from move 1"]
[WhiteElo "2097"]
[BlackElo "2168"]

1. d4 {[%clk 01:30:54]} {[%emt 00:00:05]} Nf6 {[%clk 01:30:41]} {[%emt
00:00:20]} 2. c4 {[%clk 01:30:59]} {[%emt 00:00:25]} g6 {[%clk 01:30:31]}
{[%emt 00:00:40]} 3. Nc3 {[%clk 01:31:14]} {[%emt 00:00:15]} Bg7 {[%clk
01:30:54]} {[%emt 00:00:07]} 4. e4 {[%clk 01:31:20]} {[%emt 00:00:23]} d6
{[%clk 01:31:19]} {[%emt 00:00:06]} 5. Nge2 {[%clk 01:31:10]} {[%emt 00:00:40]}
Nc6 {[%clk 01:25:40]} {[%emt 00:06:09]} 6. d5 {[%clk 01:27:38]} {[%emt
00:04:02]} Nb8 {[%clk 01:25:24]} {[%emt 00:00:46]} 7. Ng3 {[%clk 01:24:27]}
{[%emt 00:03:41]} Nbd7 {[%clk 01:22:45]} {[%emt 00:03:09]} 8. Be2 {[%clk
01:19:16]} {[%emt 00:05:41]} h5 {[%clk 01:17:51]} {[%emt 00:05:24]} 9. h3
{[%clk 01:12:51]} {[%emt 00:06:54]} Nc5 {[%clk 01:12:39]} {[%emt 00:05:42]} 10.
Qc2 {[%clk 01:11:12]} {[%emt 00:02:10]} a5 {[%clk 01:12:50]} {[%emt 00:00:19]}
11. Be3 {[%clk 01:08:46]} {[%emt 00:02:56]} Nfd7 {[%clk 01:10:01]} {[%emt
00:03:19]} 12. Rd1 {[%clk 01:06:32]} {[%emt 00:02:44]} O-O {[%clk 01:07:58]}
{[%emt 00:02:33]} 13. Bd4 {[%clk 01:03:54]} {[%emt 00:03:07]} Bxd4 {[%clk
01:07:02]} {[%emt 00:01:27]} 14. Rxd4 {[%clk 01:04:21]} {[%emt 00:00:03]} e5
{[%clk 01:07:25]} {[%emt 00:00:08]} 15. Rd2 {[%clk 01:02:28]} {[%emt 00:02:24]}
1/2-1/2

[Event "Senior Women Russian Championship 2022_HL"]
[Site "Saint-Petersburg, Russia"]
[Date "2022.10.02"]
[Round "9.4"]
[White "Sirotkina, Nina"]
[Black "Chernikova, Svetlana"]
[Result "1-0"]
[TimeControl "Standard: 90min/40moves+30min/end+30sec increment per move starting from move 1"]
[WhiteElo "2190"]
[BlackElo "2008"]

1. d4 {[%clk 01:30:51]} {[%emt 00:00:09]} Nf6 {[%clk 01:30:20]} {[%emt
00:00:40]} 2. Nf3 {[%clk 01:29:04]} {[%emt 00:02:16]} d6 {[%clk 01:30:14]}
{[%emt 00:00:36]} 3. Bf4 {[%clk 01:27:40]} {[%emt 00:01:54]} Bg4 {[%clk
01:27:20]} {[%emt 00:03:25]} 4. e3 {[%clk 01:18:22]} {[%emt 00:09:48]} g6
{[%clk 01:24:26]} {[%emt 00:03:24]} 5. h3 {[%clk 01:15:08]} {[%emt 00:03:44]}
Bxf3 {[%clk 01:23:47]} {[%emt 00:01:08]} 6. Qxf3 {[%clk 01:14:58]} {[%emt
00:00:40]} c6 {[%clk 01:23:45]} {[%emt 00:00:32]} 7. Nd2 {[%clk 01:04:16]}
{[%emt 00:11:13]} Bg7 {[%clk 01:21:12]} {[%emt 00:03:03]} 8. Bc4 {[%clk
00:59:12]} {[%emt 00:05:34]} d5 {[%clk 01:15:47]} {[%emt 00:05:55]} 9. Bb3
{[%clk 00:56:37]} {[%emt 00:03:05]} Nbd7 {[%clk 01:10:20]} {[%emt 00:05:56]} 10.
O-O {[%clk 00:55:10]} {[%emt 00:01:58]} O-O {[%clk 01:09:35]} {[%emt 00:01:15]}
11. c4 {[%clk 00:41:11]} {[%emt 00:14:30]} c5 {[%clk 00:39:29]} {[%emt
00:30:36]} 12. cxd5 {[%clk 00:34:24]} {[%emt 00:07:17]} cxd4 {[%clk 00:38:52]}
{[%emt 00:01:06]} 13. e4 {[%clk 00:26:38]} {[%emt 00:08:16]} e5 {[%clk
00:29:16]} {[%emt 00:10:06]} 14. dxe6 {[%emt 00:06:04]} fxe6 {[%clk 00:29:33]}
{[%emt 00:00:11]} 15. Bxe6+ {[%clk 00:21:26]} {[%emt 00:00:10]} Kh8 {[%clk
00:29:56]} {[%emt 00:00:06]} 16. Bd6 {[%clk 00:19:36]} {[%emt 00:02:21]} Re8
{[%clk 00:27:26]} {[%emt 00:03:00]} 17. Bb3 {[%clk 00:14:49]} {[%emt 00:05:18]}
Ne5 {[%clk 00:24:45]} {[%emt 00:03:11]} 18. Bxe5 {[%clk 00:15:11]} {[%emt
00:00:08]} Rxe5 {[%clk 00:25:07]} {[%emt 00:00:08]} 19. Rfe1 {[%clk 00:15:21]}
{[%emt 00:00:20]} b5 {[%clk 00:24:14]} {[%emt 00:01:23]} 20. Qd3 {[%clk
00:15:10]} {[%emt 00:00:41]} Nh5 {[%clk 00:18:37]} {[%emt 00:06:07]} 21. Nf3
{[%clk 00:14:57]} {[%emt 00:00:43]} Rc5 {[%clk 00:12:52]} {[%emt 00:06:15]} 22.
e5 {[%clk 00:14:08]} {[%emt 00:01:19]} a5 {[%clk 00:08:31]} {[%emt 00:04:52]}
23. a3 {[%clk 00:13:25]} {[%emt 00:01:13]} a4 {[%clk 00:08:17]} {[%emt
00:00:44]} 24. Ba2 {[%clk 00:13:43]} {[%emt 00:00:12]} Rb8 {[%clk 00:05:37]}
{[%emt 00:03:09]} 25. Re4 {[%clk 00:11:18]} {[%emt 00:02:55]} Qc7 {[%clk
00:04:43]} {[%emt 00:01:25]} 26. Rae1 {[%clk 00:09:50]} {[%emt 00:01:57]} Rc1
{[%clk 00:03:49]} {[%emt 00:01:24]} 27. g4 {[%clk 00:07:49]} {[%emt 00:02:31]}
Nf4 28. Rxf4 {[%clk 00:07:41]} Bxe5 {[%clk 00:01:53]} 29. Rfe4 {[%clk
00:07:24]} Bf6 {[%clk 00:00:59]} 30. Kg2 {[%clk 00:05:40]} Rxe1 {[%clk
00:01:13]} {[%emt 00:00:11]} 31. Rxe1 {[%clk 00:05:38]} {[%emt 00:00:32]} Kg7
{[%clk 00:00:52]} {[%emt 00:00:51]} 32. g5 {[%clk 00:05:18]} {[%emt 00:00:50]}
1-0

[Event "Senior Women Russian Championship 2022_HL"]
[Site "Saint-Petersburg, Russia"]
[Date "2022.10.02"]
[Round "9.5"]
[White "Fatalibekova, Elena"]
[Black "Gladisheva, Tatjana"]
[Result "1-0"]
[TimeControl "Standard: 90min/40moves+30min/end+30sec increment per move starting from move 1"]
[WhiteElo "2140"]
[BlackElo "2162"]

1. e4 {[%clk 01:30:57]} {[%emt 00:00:02]} c5 {[%clk 01:30:26]} {[%emt
00:00:34]} 2. Nf3 {[%clk 01:31:16]} {[%emt 00:00:11]} e6 {[%clk 01:30:52]}
{[%emt 00:00:05]} 3. c3 {[%clk 01:30:28]} {[%emt 00:01:18]} d5 {[%clk
01:30:31]} {[%emt 00:00:50]} 4. e5 {[%clk 01:29:49]} {[%emt 00:01:08]} f6
{[%clk 01:18:47]} {[%emt 00:12:15]} 5. d4 {[%clk 01:29:57]} {[%emt 00:00:22]}
cxd4 {[%clk 01:19:01]} {[%emt 00:00:17]} 6. cxd4 {[%clk 01:30:23]} {[%emt
00:00:03]} Bb4+ {[%clk 01:19:17]} {[%emt 00:00:14]} 7. Nc3 {[%clk 01:30:21]}
{[%emt 00:00:32]} Nc6 {[%clk 01:14:33]} {[%emt 00:05:14]} 8. Bb5 {[%clk
01:20:38]} {[%emt 00:10:12]} Qb6 {[%clk 01:09:35]} {[%emt 00:05:30]} 9. Ba4
{[%emt 00:07:58]} f5 {[%clk 00:59:33]} {[%emt 00:10:28]} 10. O-O {[%clk
01:12:51]} {[%emt 00:00:51]} Bd7 {[%clk 00:58:54]} {[%emt 00:01:10]} 11. a3
{[%emt 00:03:21]} Bxc3 {[%clk 00:55:56]} {[%emt 00:03:25]} 12. bxc3 {[%clk
01:10:31]} {[%emt 00:00:02]} Nge7 {[%clk 00:55:22]} {[%emt 00:01:04]} 13. Ne1
{[%clk 01:06:06]} {[%emt 00:04:55]} Na5 {[%clk 00:54:56]} {[%emt 00:00:56]} 14.
Nd3 {[%clk 01:05:41]} {[%emt 00:00:55]} Bxa4 {[%clk 00:49:12]} {[%emt
00:06:14]} 15. Qxa4+ {[%clk 01:06:09]} {[%emt 00:00:02]} Nec6 {[%clk 00:49:24]}
{[%emt 00:00:18]} 16. Nc5 {[%clk 01:06:32]} {[%emt 00:00:07]} Kf7 {[%clk
00:49:25]} {[%emt 00:00:29]} 17. Bf4 {[%clk 01:02:30]} {[%emt 00:04:32]} Qc7
{[%clk 00:48:19]} {[%emt 00:01:36]} 18. Qd1 {[%clk 01:01:06]} {[%emt 00:01:54]}
h6 {[%clk 00:47:59]} {[%emt 00:00:51]} 19. h4 {[%clk 00:55:07]} {[%emt
00:06:28]} Rag8 {[%clk 00:42:03]} {[%emt 00:06:26]} 20. h5 {[%clk 00:54:18]}
{[%emt 00:01:19]} b6 {[%clk 00:38:52]} {[%emt 00:03:42]} 21. Nd3 {[%clk
00:54:30]} {[%emt 00:00:17]} Kf8 {[%clk 00:38:47]} {[%emt 00:00:36]} 22. Bh2
{[%clk 00:53:46]} {[%emt 00:01:12]} Qf7 {[%clk 00:36:30]} {[%emt 00:02:49]} 23.
Nf4 {[%clk 00:53:58]} {[%emt 00:00:17]} Ne7 {[%clk 00:36:52]} {[%emt 00:00:08]}
24. Kh1 {[%clk 00:46:35]} {[%emt 00:07:53]} g5 {[%clk 00:36:30]} {[%emt
00:00:52]} 25. hxg6 {[%clk 00:47:02]} {[%emt 00:00:02]} Nxg6 {[%clk 00:36:52]}
{[%emt 00:00:09]} 26. Nh5 {[%clk 00:47:09]} {[%emt 00:00:23]} Ne7 {[%clk
00:35:12]} {[%emt 00:02:10]} 27. Nf6 {[%clk 00:47:11]} {[%emt 00:00:27]} Rg6
{[%clk 00:35:04]} {[%emt 00:00:39]} 28. Bg3 {[%clk 00:41:50]} {[%emt 00:05:49]}
h5 {[%clk 00:28:46]} {[%emt 00:06:50]} 29. Bh4 {[%clk 00:42:09]} {[%emt
00:00:10]} Ng8 {[%clk 00:10:20]} {[%emt 00:18:57]} 30. Qa4 {[%clk 00:41:31]}
{[%emt 00:01:08]} Nxf6 {[%clk 00:10:24]} {[%emt 00:00:26]} 31. Bxf6 {[%emt
00:00:13]} Rhg8 {[%clk 00:09:51]} {[%emt 00:00:59]} 32. Qb4+ {[%clk 00:39:56]}
{[%emt 00:02:26]} Ke8 {[%clk 00:10:10]} {[%emt 00:00:11]} 33. g3 {[%clk
00:40:02]} {[%emt 00:00:24]} Rxf6 {[%clk 00:08:49]} {[%emt 00:01:51]} 34. exf6
{[%clk 00:40:29]} {[%emt 00:00:03]} h4 {[%clk 00:09:15]} {[%emt 00:00:04]} 35.
Qd6 {[%clk 00:14:02]} {[%emt 00:26:57]} Nc4 {[%clk 00:06:51]} {[%emt 00:02:53]}
36. Qb8+ {[%clk 00:13:32]} {[%emt 00:08:49]} Kd7 {[%clk 00:07:16]} 37. Qb7+
{[%clk 00:13:53]} Ke8 {[%clk 00:07:37]} 38. Qc8# {[%clk 00:14:17]} 1-0